- Autoestima
Entry Materia
Number of records used in: 211
001 - NÚMERO DE CONTROL DEL REGISTRO
- campo de control: 2906
003 - IDENTIFICADOR DE NUMERO DE CONTROL
- campo de control: UPN
005 - FECHA Y HORA DE LA ÚLTIMA TRANSACCIÓN
- campo de control: 20230208124607.0
008 - DATOS DE LONGITUD FIJA
- campo de control de longitud fija: 220524nn acnnnaabn a ana d
035 ## - NÚMERO DE CONTROL DEL SISTEMA
- Número de control del sistema: UPN10000002906
040 ## - FUENTE DE LA CATALOGACIÓN
- Centro catalogador de origen: MX-MxUPN
- Lengua de catalogación: spa
- Agencia de transcripción: MX-MxUPN
046 ## - FECHAS CON CODIFICACIÓN ESPECIAL
- Fecha final para contenidos agregados: 2022
053 #4 - NÚMERO CLASIFICADOR - BIBLIOTECA DEL CONGRESO (LC)
- Elemento numérico de la clasificación - Número único o no. inicial del rango: BJ1533 S3
150 ## - ENCABEZAMIENTO - TEMÁTICO
- Término de materia o nombre geográfico como elemento inicial: Autoestima
450 ## - VÉASE - MATERIA
- Encabezamiento temático: Amor a sí mismo (Psicología)
450 ## - VÉASE - MATERIA
- Encabezamiento temático: Respeto de sí mismo
450 ## - VÉASE - MATERIA
- Encabezamiento temático: Amor a uno mismo
450 ## - VÉASE - MATERIA
- Encabezamiento temático: Valor de sí mismo
450 ## - VÉASE - MATERIA
- Encabezamiento temático: Amor propio
670 ## - FUENTE EN LA QUE SE LOCALIZARON DATOS
- Cita de la fuente: LEMB, 1998:
- Información localizada: página 113 (Autoestima)
680 ## - NOTA GENERAL CON DESPLIEGUE PÚBLICO
- Texto explicativo: Amor o afección de un individuo hacia sí mismo o a todo lo que parece una parte central de sí mismo. Puede ser amor por el propio cuerpo (narcisismo) o por la propia personalidad
902 ## - CATALOGADOR
- Catalogador: MEEG/200996
